000 00746cab a2200253 4500
001 ABS57120
008 090401t1997 xxu||||| |||| 00| 0 eng d
035 _a(Sirsi) u79342
041 _aeng
100 _aJones, R.
245 _aPeople power packs a punch
260 _c1997
350 _a0
490 _aProperty Week
_v59(13) 27 June 1997, 28(1)
520 _aConsiders how developers can best get local residents` backing for developments and so avoid public inquiries, quoting a case study.
650 _aBROMLEY
650 _aDAVID LLOYD LEISURE
650 _aLOCAL RESIDENTS
650 _aPUBLIC INQUIRY
650 _aPUBLIC PARTICIPATION
690 _aPROPERTY-PROPERTY DEVELOPMENT
942 _n0
948 _c01/07/1997
999 _c49868
_d49868